Countries With Least Cannabis Users - Statistics

General Stats
  • This quiz has been taken 62 times
  • The average score is 9 of 20
Answer Stats
% Country % Correct
0.04 China
84%
0.3 Japan
79%
0.4 Indonesia
68%
0.3 Saudi Arabia
68%
0.3 South Korea
68%
0.004 Singapore
65%
0.1 Oman
60%
0.3 Vietnam
60%
0.1 Qatar
58%
0.3 Taiwan
58%
0.4 Bahrain
47%
0.02 Brunei
47%
0.5 Maldives
44%
0.05 Libya
25%
0.3 Dominican Republic
18%
0.1 Vanuatu
18%
0.4 Romania
12%
0.4 El Salvador
11%
0.2 Montenegro
11%
0.2 Tanzania
11%
No matching quizzes found
Score Distribution
Percent of People with Each Score
Percentile by Number Answered
Your Score History
You have not taken this quiz